Hot to cold : (Record no. 12292)

000 -LEADER
fixed length control field 04148cam a22003257i 4500
003 - CONTROL NUMBER IDENTIFIER
control field OSt
005 - DATE AND TIME OF LATEST TRANSACTION
control field 20240117135252.0
008 - FIXED-LENGTH DATA ELEMENTS--GENERAL INFORMATION
fixed length control field 160406s2015 gw abe 000 0 eng d
020 ## - INTERNATIONAL STANDARD BOOK NUMBER
International Standard Book Number 9783836557399
020 ## - INTERNATIONAL STANDARD BOOK NUMBER
International Standard Book Number 3836557398
043 ## - GEOGRAPHIC AREA CODE
Geographic area code e-dk---
-- q------
082 04 - DEWEY DECIMAL CLASSIFICATION NUMBER
Classification number 720.47
Edition number 23
245 00 - TITLE STATEMENT
Title Hot to cold :
Remainder of title an odyssey of architectural adaptation /
Statement of responsibility, etc [BIG Bjarke Ingels Group].
300 ## - PHYSICAL DESCRIPTION
Extent 711 pages :
Other physical details illustrations (chiefly color), map, plans ;
Dimensions 25 cm
500 ## - GENERAL NOTE
General note This book coincides with the "Hot to Cold" exhibition at the National Building Museum and presents 60 case studies in harsh climate conditions in order to examine where and how we live on our planet.
505 0# - FORMATTED CONTENTS NOTE
Formatted contents note Middle Eastern Media HQ, Middle East -- Majlis, Doha, QA -- Mina Warehouse Gallery, Abu Dhabi, United Arab Emirates -- Kuala Lumpur Landmark Tower, Kuala Lumpur, MY -- Honeycomb Albany Marina residences, Nassau, BS -- Ward Village Green Tower, Honolulu, USA -- The Grove at Grand Bay, Miami, USA -- Phoenix Observation Tower, Phoenix, USA -- Hualien Resort and residences, Hualien, TW -- Shenzhen Energy HQ, Shenzhen, CN -- St. Petersburg pier, St. Petersburg, FL, USA -- Danish 2010 Expo Pavilion, Shanghai, CN -- Museum of the Human Body, Montpellier, FR -- Villa in Mexico City, Mexico City, MX -- Smithsonian master plan, Washington D.C., USA -- Meca, Bordeaux, FR -- Rose Rock International Financial Center, Tianjin, CN -- Yongsan International Business District, Seoul, KR -- West 57th Street, New York City, USA -- NYC residential tower, New York City, USA -- Pavilion on a pier, USA -- Brooklyn Bridge Park viewing platform, New York City, USA -- The Dry Line, New York City, USA -- BIG [heart] NYC, New York City, USA -- Europa City, Paris, FR -- Malaysia Square at Battersea Powerstation, London, UK -- Transitlager Lofts, Basel, CH [Switzerland] -- Vancouver House, Vancouver, CA -- Telus Sky, Calgary, CA -- Danish Maritime Museum, Helsingør, DK -- HQ on the Harbor, Copenhagen, DK -- ST Thomas Church extension, Copenhagen, DK -- 8 House, Copenhagen, DK -- Floating student housing, Copenhagen, DK -- Loop City, Copenhagen, DK -- Sydhavns Recycling Center, Copenhagen, DK -- Superkilen Park, Copenhagen, DK -- Gammel Hellerup Gymnasium, Hellerup, DK -- The Lego house, Billund, DK -- Zootopia Givskud Zoo master plan, Givskud, DK -- Blavand Bunker Museum, Blåvand, DK -- Watch Flower, Aarhus, DK -- House in Gug Aalborg, DK -- Audemars Piguet Founder's House, Le Brassus, CH [Switzerland] -- Skuru Bridge, Nacka, SE -- Torshavn Education Center, Torshavn, FO -- Kimball Art Center, Park City, [Utah], USA -- Tallinn Town Hall, Tallinn, EE -- Uppsala Power Plant, Uppsala, SE -- Museum across a river, Scandinavia -- Astana National Library, Astana, KZ -- Greenland National Gallery of Art, Nuuk, GL -- Koutalaki Ski Village, Levi, FI -- Amager Resource Center, Copenhagen, DK -- Audi Urban Future Award, Miami, FL ; Venice, IT -- The BIG maze, Washington, D.C., USA -- BIG hot cold exhibition, Washington, D.C., USA.
520 8# - SUMMARY, ETC.
Summary, etc Architecture is the art and science of accommodating the lives we want to live. Our cities and buildings aren't givens; they are the way they are because that is as far as we have come to date. They are the best efforts of our ancestors and fellow planetizens, and if they have shortcomings, it is up to us to continue that effort, pick up where they left off. Bjarke Ingels Group's (BIG) grand mission is to find a pragmatic utopia, shaping not only a particular structural entity, but the kind of world we wish to inhabit. This book examines BIG's odyssey of architectural adaptation.
610 20 - SUBJECT ADDED ENTRY--CORPORATE NAME
Corporate name or jurisdiction name as entry element BIG Bjarke Ingels Group.
650 #0 - SUBJECT ADDED ENTRY--TOPICAL TERM
Topical term or geographic name as entry element Architectural practice, International
Geographic subdivision Denmark.
650 #0 - SUBJECT ADDED ENTRY--TOPICAL TERM
Topical term or geographic name as entry element Architecture, Modern
Chronological subdivision 21st century.
650 #0 - SUBJECT ADDED ENTRY--TOPICAL TERM
Topical term or geographic name as entry element Architectural firms
Geographic subdivision Denmark.
650 #0 - SUBJECT ADDED ENTRY--TOPICAL TERM
Topical term or geographic name as entry element Architecture and climate.
650 #0 - SUBJECT ADDED ENTRY--TOPICAL TERM
Topical term or geographic name as entry element Architecture and climate
Geographic subdivision Cold regions.
650 #0 - SUBJECT ADDED ENTRY--TOPICAL TERM
Topical term or geographic name as entry element Architecture
General subdivision Arid regions.
700 1# - ADDED ENTRY--PERSONAL NAME
Personal name Ingels, Bjarke.
710 2# - ADDED ENTRY--CORPORATE NAME
Corporate name or jurisdiction name as entry element BIG Bjarke Ingels Group.
710 2# - ADDED ENTRY--CORPORATE NAME
Corporate name or jurisdiction name as entry element National Building Museum (U.S.)
710 2# - ADDED ENTRY--CORPORATE NAME
Corporate name or jurisdiction name as entry element Taschen (Firm),
Relator term publisher.
942 ## - ADDED ENTRY ELEMENTS (KOHA)
Source of classification or shelving scheme
Holdings
Withdrawn status Lost status Source of classification or shelving scheme Damaged status Koha normalized classification for sorting Not for loan Permanent location Current location Date acquired Source of acquisition Cost, normal purchase price Total Checkouts Full call number Barcode Date last seen Date last borrowed Cost, replacement price Price effective from Koha item type
        720_470000000000000   BMS College of Architecture, Design and Planning BMS College of Architecture, Design and Planning 2024-01-17 1 3252.00 3 720.47 AR-UG3525 2024-09-06 2024-08-21 4336.00 2024-01-17 UG Books
Copyright © 2025, The Librarian, Library and Information Centre, BMSCA D&P, Bengaluru. All Rights Reserved
web counter

Powered by Koha